| Tag |
First Indicator |
Second Indicator |
Subfields |
| LEADER |
00000cam a2200000 4500 |
| 001 |
in00000368113 |
| 005 |
20151011074949.0 |
| 008 |
750529s1942 nyuf 00010 eng |
| 010 |
|
|
|a 42004476
|
| 035 |
|
|
|a (OCoLC)01360278
|
| 035 |
|
|
|9 ABP5820AM
|
| 040 |
|
|
|c SMI
|d TXA
|d UtOrBLW
|
| 049 |
|
|
|a TXAM
|c [373458]
|
| 050 |
0 |
0 |
|a UG630
|b .L48
|
| 100 |
1 |
|
|a Leyson, Burr Watkins,
|d 1898-
|
| 245 |
1 |
0 |
|a Wings of defense /
|c by Captain Burr Leyson.
|
| 264 |
|
1 |
|a New York :
|b E. P. Dutton,
|c 1942.
|
| 300 |
|
|
|a 210 pages :
|b frontispiece, plates. ;
|c 21 cm.
|
| 336 |
|
|
|a text
|b txt
|2 rdacontent
|
| 337 |
|
|
|a unmediated
|b n
|2 rdamedia
|
| 338 |
|
|
|a volume
|b nc
|2 rdacarrier
|
| 650 |
|
0 |
|a Aeronautics, Military.
|
| 999 |
|
|
|a MARS
|
| 999 |
f |
f |
|s ab0e98cf-8b2f-3dc1-b2b5-019143afcb72
|i 1cb0256a-fa7a-378b-a3a8-b7e96cdba650
|t 0
|
| 952 |
f |
f |
|p ric
|a Texas A&M University
|b Rellis Campus
|c Joint Library Facility
|d Remote Storage
|t 0
|e UG630 .L48
|h Library of Congress classification
|i unmediated -- volume
|m A14805703618
|
| 998 |
f |
f |
|a UG630 .L48
|t 0
|l Remote Storage
|